Plantilla del campeon - Copa America (5) - Estadísticas

Estadísticas generales
  • Esta prueba ha sido intentada 185 veces
  • La puntuación promedio es 69 de 164
Estadísticas de respuestas
Pos. Jugador Equipo % Correcto
POR Emiliano Martinez Aston Villa
92%
DEL Lionel Messi Barcelona
92%
DEL Lautaro Martinez Inter
91%
DEF Lisandro Martinez Ajax
90%
POR Claudio Bravo Barcelona
84%
POR Claudio Bravo Barcelona
84%
MED Rodrigo De Paul Udinese
84%
MED Arturo Vidal Juventus
83%
MED Arturo Vidal Bayern Munich
83%
DEL Alexis Sanchez Arsenal
82%
DEL Alexis Sanchez Arsenal
82%
POR Franco Armani River Plate
81%
POR Alisson Liverpool
80%
DEF Nicolas Otamendi Benfica
80%
MED Leandro Paredes PSG
78%
DEL Sergio Aguero Manchester City
78%
DEL Julian Alvarez River Plate
77%
DEL Luis Suarez Liverpool
76%
DEL Angel Correa Atl. Madrid
75%
POR Ederson Manchester City
75%
DEL Diego Forlan Atl. Madrid
74%
DEL Joaquin Correa Lazio
74%
DEF Thiago Silva PSG
74%
DEF Cristian Romero Atalanta
73%
DEL Edinson Cavani Napoli
73%
MED Angel Di Maria PSG
72%
DEF Gary Medel Inter
71%
DEF Gary Medel Inter
71%
MED Guido Rodriguez Betis
71%
DEF Marcus Acuña Sevilla
71%
DEF Nicolas Tagliafico Ajax
71%
DEF Dani Alves Sevilla
69%
DEF(c) Dani Alves PSG
69%
DEL Alejandro Gomez Sevilla
68%
DEL Eduardo Vargas Napoli
68%
DEL Eduardo Vargas Hoffenheim
68%
DEL Gabriel Jesus Manchester City
68%
DEF Marquinhos PSG
68%
DEF Diego Godin Atl. Madrid
67%
MED Exequiel Palacios Bayer Leverkusen
67%
MED Giovani Lo Celso Tottenham
67%
DEF Gonzalo Montiel River Plate
67%
MED Casemiro Real Madrid
66%
POR Fernando Muslera Lazio
65%
MED Cristian Rodriguez Porto
62%
MED(c) Gilberto Silva Arsenal
60%
POR Martin Silva Defensor Sporting
60%
DEF Alex Silva Sao Paulo
59%
MED Francisco Silva Osasuna
59%
MED Francisco Silva Chiapas
59%
DEL Richarlison Everton
59%
DEF German Pezzella Fiorentina
58%
MED Matias Fernandez Fiorentina
57%
DEF Mauricio Isla Juventus
57%
DEF Mauricio Isla Marsella
57%
DEL Nicolas Gonzalez Stuttgart
56%
DEF Lucas Martinez Quarta Fiorentina
55%
DEF Nahuel Molina Udinese
55%
POR Agustin Marchesin Porto
54%
MED Charles Aranguiz Internacional
54%
MED Charles Aranguiz Bayer Leverkusen
54%
DEL Mark Gonzalez Sport Recife
53%
MED Alvaro Gonzalez Lazio
51%
MED Arthur Barcelona
51%
DEF Filipe Luis Atl. Madrid
50%
MED Philippe Coutinho Barcelona
49%
DEL Everton Liverpool
47%
MED Fernandinho Manchester City
47%
POR Juan Musso Udinese
47%
DEL Roberto Firmino Gremio
47%
DEF Adriano Curitiba
46%
DEL Adriano Inter
46%
MED(c) Alex Cruzeiro
46%
DEF Alex PSV
46%
DEL Afonso Alves Heerenveen
45%
DEF Jean Beausejour Colo-Colo
43%
DEF Jean Beausejour Colo-Colo
43%
POR Julio Cesar Flamengo
43%
DEF Alex Sandro Juventus
42%
MED Jorge Valdivia Palmeiras
40%
MED Marcelo Diaz Hamburgo
40%
MED Marcelo Diaz Celta de Vigo
40%
DEF(c) Diego Lugano Fenerbahce
39%
DEF Martin Caceres Sevilla
39%
MED Nicolas Dominguez Bologna
38%
DEF Gonzalo Jara Mainz 05
37%
DEF Gonzalo Jara U. Chile
37%
DEL Robinho Real Madrid
37%
MED Erick Pulgar Bologna
34%
POR Cassio Corinthians
33%
DEL Fabian Orellana Celta de Vigo
33%
MED Jose Pedro Fuenzalida Boca Juniors
33%
DEL Jose Pedro Fuenzalida U. Catolica
33%
MED Lucas Paqueta Milan
33%
DEF Maxi Pereira Benfica
33%
DEF Alvaro Pereira Porto
32%
DEF Miranda Inter
32%
DEL David Neres Ajax
31%
MED Diego Perez Bologna
31%
DEL Mauricio Pinilla Atalanta
31%
DEL Mauricio Pinilla Atalanta
31%
DEL Sebastian Abreu Botafogo
31%
MED Pablo Hernandez Celta de Vigo
30%
DEL Abel Hernandez Palermo
29%
POR Johnny Herrera U. Chile
29%
POR Johnny Herrera U. Chile
29%
DEF Maicon Cruzeiro
29%
DEF Maicon Inter
29%
DEL Nicolas Castillo U. Catolica
29%
POR Juan Castillo Colo-Colo
28%
DEF Sebastian Coates Nacional
27%
MED Willian Chelsea
27%
MED Allan Napoli
26%
DEF Eder Militao Porto
26%
DEF Eugenio Mena Cruzeiro
26%
DEF Eugenio Mena Sao Paulo
26%
MED Egidio Arevalo Rios Botafogo
25%
DEL Edson Puch LDU Quito
22%
DEF Enzo Roco Espanyol
22%
DEF Jose Rojas U. Chile
22%
POR Cristopher Toselli U. Catolica
21%
MED David Pizarro Fiorentina
20%
DEF Juan Bayer Leverkusen
19%
DEF Juan Bayer Leverkusen
19%
MED Sebastian Lodeiro Ajax
19%
DEL Fred Lyon
18%
POR Paulo Garces U. Catolica
18%
DEL Vagner Love Palmeiras
18%
DEL Vagner Love CSKA Moscu
18%
DEL Angelo Henriquez Dinamo Zagreb
17%
MED Felipe Gutierrez Twente
16%
DEF Miiko Albornoz Hannover 96
16%
MED Walter Gargano Napoli
16%
MED Felipe Flamengo
14%
MED Julio Baptista Sevilla
14%
MED Julio Baptista Arsenal
14%
DEL Luis Fabiano Sao Paulo
14%
DEF Andres Scotti Colo-Colo
12%
MED Sebastian Eguren Sporting Gijon
12%
DEF Gilberto Hertha Berlin
11%
DEF Mauricio Victorino Cruzeiro
11%
MED Anderson Porto
10%
DEF Luisao Benfica
9%
DEF Cris Cruzeiro
8%
MED Elano Shakhtar Donetsk
8%
DEF Fagner Corinthians
8%
POR Fabio Vasco da Gama
7%
MED Renato Santos
7%
DEF Kleber Santos
6%
MED Diego Ribas Santos
5%
MED Diego Ribas Werder Bremen
5%
MED Edu Arsenal
5%
POR Helton Porto
5%
MED Kleberson Manchester United
5%
DEL Ricardo Oliveira Valencia
4%
POR Doni Roma
3%
MED Dudu Kashiwa Reysol
2%
DEF Gustavo Nery Sao Paulo
2%
MED Josue Sao Paulo
2%
DEF Marcelo Bordon Stuttgart
2%
MED Mineiro Hertha Berlin
2%
DEF Naldo Werder Bremen
2%
MED Fernando Menegazzo Bordeaux
1%
DEF Mancini Roma
1%
No se encontraron pruebas coincidentes
Distribución de puntuación
Porcentaje de gente con cada puntuación
Porcentaje por número respondido
Historial de tus puntuaciones
No has intentado esta prueba.